[Event "Titled Tue 1st Jul Early"]
[Site "chess.com INT"]
[Date "2025.07.01"]
[Round "6"]
[White "Motola, Jacopo"]
[Black "Predein, Vladimir"]
[Result "0-1"]
[WhiteTitle "FM"]
[BlackTitle "IM"]
[WhiteElo "2333"]
[BlackElo "2373"]
[WhiteFideId "863190"]
[BlackFideId "4117786"]
[EventDate "2025.07.01"]

1. e4 c5 2. Nf3 d6 3. d4 cxd4 4. Nxd4 Nf6 5. Nc3 g6 6. Be3 Bg7 7. f3 O-O 8. Qd2
Nc6 9. O-O-O d5 10. exd5 Nxd5 11. Nxc6 bxc6 12. Bd4 Bxd4 13. Qxd4 Qb6 14. Qxb6
axb6 15. Nxd5 cxd5 16. a3 e6 17. h4 Bd7 18. h5 Kg7 19. Bd3 Kf6 20. f4 b5 21.
Rdf1 Rfb8 22. g4 b4 23. axb4 Rxb4 24. b3 Bb5 25. g5+ Ke7 26. Bxb5 Rxb5 27. Kd2
Ra2 28. Kd3 Rc5 29. Rf2 Ra7 30. hxg6 hxg6 31. Rb1 Rac7 32. Rb2 Rc3+ 33. Kd2 Kd6
34. b4 d4 35. Re2 Rf3 36. Re4 Kd5 37. Re5+ Kc4 38. Re4 Rf2+ 39. Ke1 Rh2 40. b5
Kc3 41. Ra2 d3 42. Re3 Rxc2 43. Ra3+ Kb4 44. Rexd3 Kxb5 45. Rab3+ Kc4 46. Re3
Ra7 47. Rb1 Rh2 48. Rd1 Raa2 49. Re4+ Kc5 50. Re3 Rh1# 0-1

[Event "Titled Tue 1st Jul Early"]
[Site "chess.com INT"]
[Date "2025.07.01"]
[Round "6"]
[White "Barrientos, Ernesto"]
[Black "Oviedo Acosta, Paula"]
[Result "1-0"]
[WhiteTitle "CM"]
[BlackTitle "WFM"]
[WhiteElo "2027"]
[BlackElo "1928"]
[WhiteFideId "3701247"]
[BlackFideId "3704394"]
[EventDate "2025.07.01"]

1. e4 c5 2. Nf3 a6 3. d4 cxd4 4. Qxd4 Nc6 5. Qd1 e5 6. c4 Nf6 7. Nc3 Bb4 8. Bd3
d6 9. h3 O-O 10. O-O Be6 11. Bg5 Ba5 12. Nd5 Kh8 13. Nxf6 gxf6 14. Bh6 Rg8 15.
Nh4 Nd4 16. Kh2 f5 17. Qh5 f4 18. Nf5 Bxf5 19. exf5 Qf6 20. Be4 Bd8 21. g3 f3
22. h4 Rb8 23. Rad1 Bb6 24. Bg5 Rxg5 25. hxg5 Qg7 26. f6 Qg8 27. Rxd4 Bxd4 28.
Rh1 Bxf2 29. g4 Rc8 30. b3 b5 31. Rf1 Bd4 32. Rxf3 bxc4 33. bxc4 d5 34. cxd5 Rc1
35. Rh3 Bg1+ 36. Kg2 1-0

[Event "Titled Tue 1st Jul Early"]
[Site "chess.com INT"]
[Date "2025.07.01"]
[Round "6"]
[White "Craciun, Sasha-Matei"]
[Black "Begunov, Konstantin"]
[Result "1-0"]
[WhiteTitle "FM"]
[BlackTitle "FM"]
[WhiteElo "2320"]
[BlackElo "2325"]
[WhiteFideId "1281186"]
[BlackFideId "4118510"]
[EventDate "2025.07.01"]

1. e4 g6 2. d4 Bg7 3. Be3 c6 4. Be2 d5 5. e5 h5 6. c3 c5 7. Nd2 Nc6 8. Ngf3 cxd4
9. cxd4 Qb6 10. Nb3 Bg4 11. O-O e6 12. a4 a5 13. Nc5 Nge7 14. Ra3 Nb4 15. Bg5
Nec6 16. Rc3 Rc8 17. Bf6 Bxf6 18. exf6 Bxf3 19. Bxf3 Na6 20. Nxa6 Qxa6 21. Re1
Kd7 22. Qd2 Nb4 23. Be2 Qd6 24. Bb5+ Kd8 25. Rxc8+ Kxc8 26. Rc1+ Kb8 27. b3 Rc8
28. Rxc8+ Kxc8 29. Qh6 Qd8 30. Qg7 Kc7 31. Qxf7+ Kd6 32. Qxg6 Qc8 33. g3 Qc1+
34. Bf1 Nc2 35. f7 Nxd4 36. f8=Q+ Kc6 37. Qc8+ Kb6 38. Qxc1 1-0

[Event "Titled Tue 1st Jul Early"]
[Site "chess.com INT"]
[Date "2025.07.01"]
[Round "6"]
[White "Zakrzewski, Marek"]
[Black "Nifdaliyev, Jahangir"]
[Result "0-1"]
[WhiteTitle "FM"]
[BlackTitle "FM"]
[WhiteElo "2288"]
[BlackElo "2312"]
[WhiteFideId "1170694"]
[BlackFideId "13407740"]
[EventDate "2025.07.01"]

1. e4 c5 2. Nf3 d6 3. c3 Nf6 4. h3 g6 5. d4 cxd4 6. cxd4 Bg7 7. Bd3 O-O 8. O-O
Nc6 9. Nc3 a6 10. a3 b5 11. Be3 Bb7 12. Rc1 Rc8 13. b4 Nd7 14. Qd2 Re8 15. Bh6
Bh8 16. Rfe1 Nxd4 17. Nxd4 Bxd4 18. Bb1 Qb6 19. Nd5 Bxd5 20. exd5 Ne5 21. Qf4
Rc4 22. Rxc4 bxc4 23. Re4 Bb2 24. Qg3 Rc8 25. Be3 Qb5 26. f4 Qxd5 27. Kh2 Qd1
28. Ba2 Qd3 29. Rxe5 dxe5 30. fxe5 Qe4 31. Bf4 e6 32. Qg5 Qf5 33. Qg3 c3 34. Bb3
c2 35. Bxc2 Rxc2 36. h4 Rc4 37. Bg5 Bxe5 0-1

[Event "Titled Tue 1st Jul Early"]
[Site "chess.com INT"]
[Date "2025.07.01"]
[Round "6"]
[White "Samunenkov, Ihor"]
[Black "Ribeiro, Gustavo"]
[Result "1-0"]
[WhiteTitle "GM"]
[BlackTitle "FM"]
[WhiteElo "2555"]
[BlackElo "2314"]
[WhiteFideId "14187086"]
[BlackFideId "1941852"]
[EventDate "2025.07.01"]

1. d4 Nf6 2. Nc3 d5 3. Bf4 c6 4. e3 Bf5 5. Nf3 e6 6. Ne5 Nbd7 7. g4 Nxe5 8. gxf5
Nc4 9. Bxc4 dxc4 10. fxe6 fxe6 11. Qe2 b5 12. Be5 Bb4 13. Rg1 O-O 14. f4 g6 15.
e4 Nd7 16. O-O-O Bxc3 17. bxc3 Nxe5 18. dxe5 Qe7 19. Rd6 Rxf4 20. Qe3 Raf8 21.
Kb2 a5 22. a3 b4 23. cxb4 axb4 24. axb4 Qb7 25. Qc5 Rb8 26. Rxe6 Qxb4+ 27. Qxb4
Rxb4+ 28. Kc3 Rb8 29. Kxc4 Rxe4+ 30. Kc5 Rb2 31. c3 Rc2 32. Rg3 Rce2 33. Kd6 Kf7
34. Rf3+ Kg7 35. Re7+ Kg8 36. e6 Rd2+ 37. Kc7 Rde2 38. Kd7 Rd2+ 39. Ke8 Rde2 40.
Rf8# 1-0

[Event "Titled Tue 1st Jul Early"]
[Site "chess.com INT"]
[Date "2025.07.01"]
[Round "6"]
[White "Jinan, Jomon"]
[Black "Parfenov, Viktor N."]
[Result "0-1"]
[WhiteTitle "FM"]
[BlackTitle "CM"]
[WhiteElo "2309"]
[BlackElo "2193"]
[WhiteFideId "35002511"]
[BlackFideId "4165969"]
[EventDate "2025.07.01"]

1. e4 e6 2. d4 d5 3. Bd3 c5 4. exd5 exd5 5. Nf3 c4 6. Be2 Nf6 7. O-O Be7 8. Bf4
Nc6 9. Nbd2 O-O 10. c3 Bf5 11. b3 b5 12. a4 a6 13. b4 Ne4 14. Nxe4 Bxe4 15. Re1
Nxb4 16. cxb4 Bxb4 17. Nd2 Qf6 18. Be3 Qg6 19. Bf3 Bxf3 20. Qxf3 Rad8 21. Reb1
Bc3 22. Ra2 Bxd2 23. Raa1 Bxe3 24. Qxe3 Rb8 25. axb5 axb5 26. Qe5 Qe6 27. Qc7 h6
28. Rb4 Rfc8 29. Qg3 c3 30. Rc1 c2 31. h4 Qe4 32. Rb2 b4 33. Rbxc2 Re8 34. Rb2
Qxd4 35. Rcb1 Rb6 36. Rb3 Rc8 37. Rd3 Qf6 0-1

[Event "Titled Tue 1st Jul Early"]
[Site "chess.com INT"]
[Date "2025.07.01"]
[Round "6"]
[White "Pham, Le Thao Nguyen"]
[Black "Arun, Siddharth"]
[Result "1-0"]
[WhiteTitle "IM"]
[WhiteElo "2357"]
[BlackElo "1978"]
[WhiteFideId "12401226"]
[BlackFideId "2079178"]
[EventDate "2025.07.01"]

1. d4 Nf6 2. c4 c5 3. d5 e6 4. Nc3 exd5 5. cxd5 d6 6. e4 g6 7. Bb5+ Bd7 8. a4
Bg7 9. Nf3 O-O 10. h3 Na6 11. O-O Nb4 12. Re1 a6 13. Bf1 Rb8 14. Bf4 Ne8 15. e5
dxe5 16. Nxe5 Rc8 17. Nxd7 Qxd7 18. d6 Bd4 19. Re7 Qf5 20. Qg4 Qxg4 21. hxg4 Rd8
22. Ne4 Nd5 23. Bg3 f5 24. gxf5 gxf5 25. Bc4 fxe4 26. Bxd5+ Kh8 27. Re6 Nxd6 28.
Bxd6 Rxf2 29. Be5+ Bxe5 30. Rxe5 Rxb2 31. Bxe4 c4 32. Re7 b5 33. axb5 axb5 34.
Rxh7+ Kg8 35. Raa7 Re2 36. Rag7+ Kf8 37. Bf3 Re5 38. Rc7 Kg8 39. Rhg7+ Kf8 40.
Rgf7+ Kg8 41. Rf6 Rg5 42. Rb6 Rf8 43. Kh2 Re5 44. Rd6 1-0

[Event "Titled Tue 1st Jul Early"]
[Site "chess.com INT"]
[Date "2025.07.01"]
[Round "6"]
[White "Dighton, Simon"]
[Black "Devaev, Alexander"]
[Result "0-1"]
[WhiteTitle "CM"]
[BlackTitle "FM"]
[WhiteElo "2237"]
[BlackElo "2306"]
[WhiteFideId "408603"]
[BlackFideId "4169395"]
[EventDate "2025.07.01"]

1. d4 Nf6 2. Nf3 e6 3. Bf4 b5 4. e3 a6 5. a4 b4 6. Nbd2 Bb7 7. Bd3 a5 8. O-O Be7
9. h3 O-O 10. e4 c5 11. c3 bxc3 12. bxc3 cxd4 13. cxd4 Ba6 14. Bb5 Nc6 15. Qe2
Nb4 16. Nc4 Nxe4 17. Qxe4 d5 18. Qe2 dxc4 19. Qxc4 Rc8 20. Qb3 Bb7 21. Rfd1 Bd5
22. Qe3 Nc2 23. Qd2 Nxa1 24. Rxa1 Bb4 25. Qe3 Rc3 26. Qe2 Bxf3 27. gxf3 Qd5 28.
Bd3 Qxd4 29. Be4 Qc5 30. Rd1 Qc4 31. Qb2 f5 32. Be5 fxe4 33. Bxc3 Qxc3 34. Qe2
Qxf3 35. Qxf3 exf3 36. Rc1 e5 37. Rc6 e4 38. Re6 Rf4 39. h4 Kf7 40. Re5 Kf6 41.
Re8 Rxh4 42. Rb8 Rg4+ 43. Kh1 e3 0-1

[Event "Titled Tue 1st Jul Early"]
[Site "chess.com INT"]
[Date "2025.07.01"]
[Round "6"]
[White "Ashraf, Artin"]
[Black "Atoyan, Alberto"]
[Result "1-0"]
[WhiteTitle "FM"]
[BlackTitle "CM"]
[WhiteElo "2428"]
[BlackElo "2302"]
[WhiteFideId "22514805"]
[BlackFideId "13314831"]
[EventDate "2025.07.01"]

1. c4 Nf6 2. Nc3 c5 3. Nf3 Nc6 4. b3 g6 5. Bb2 Bg7 6. Ne4 d6 7. e3 e5 8. Nc3 O-O
9. Be2 d5 10. cxd5 Nxd5 11. Qb1 Bf5 12. Ne4 Nf6 13. d3 Nxe4 14. dxe4 Be6 15. O-O
b6 16. Bb5 Qc7 17. Bxc6 Qxc6 18. Bxe5 Rfe8 19. Bxg7 Kxg7 20. Qb2+ Kg8 21. Nd2
Rad8 22. f3 Rd3 23. Rfe1 Red8 24. Nf1 b5 25. Rac1 c4 26. bxc4 bxc4 27. Rc3 Qb6
28. Qxb6 axb6 29. Rec1 b5 30. a3 Ra8 31. Rxd3 cxd3 32. Rc3 Bc4 33. Nd2 Ra4 34.
e5 Kf8 35. Kf2 Ke7 36. e4 Ke6 37. f4 g5 38. g3 gxf4 39. gxf4 Kd7 40. Ke3 Kc6 41.
f5 Kc5 42. Nf3 Ra8 43. Ne1 Rg8 44. Nxd3+ Kb6 45. Nb2 Kc5 46. Nd3+ Kb6 47. Nf4
Re8 48. Kd4 Rd8+ 49. Nd5+ Kc6 50. a4 Kb7 51. axb5 Bxb5 52. Rc7+ Ka6 53. Rxf7 1-0

[Event "Titled Tue 1st Jul Early"]
[Site "chess.com INT"]
[Date "2025.07.01"]
[Round "6"]
[White "Tekeyev, Zaur"]
[Black "Kiremitciyan, Ari"]
[Result "1-0"]
[WhiteTitle "IM"]
[BlackTitle "FM"]
[WhiteElo "2407"]
[BlackElo "2271"]
[WhiteFideId "4199731"]
[BlackFideId "6373445"]
[EventDate "2025.07.01"]

1. e4 c6 2. d4 d5 3. Nc3 dxe4 4. Nxe4 Nf6 5. Nxf6+ exf6 6. Bc4 a5 7. a4 Na6 8.
Ne2 Bd6 9. O-O Nc7 10. Nf4 O-O 11. Re1 Re8 12. c3 Rxe1+ 13. Qxe1 g6 14. Bd2 Kg7
15. Qe3 Bxf4 16. Qxf4 Be6 17. Qh6+ Kg8 18. Bf1 Nd5 19. Re1 Qd7 20. Re4 Bf5 21.
Re1 Re8 22. Qh4 Rxe1 23. Bxe1 Qe7 24. Bd2 g5 25. Qg3 Kg7 26. h3 h6 27. Qb8 Qc7
28. Qxc7 Nxc7 29. c4 b6 30. c5 bxc5 31. Bxa5 Ne6 32. dxc5 Nxc5 33. b3 Nxb3 34.
Bb6 c5 35. a5 Be4 36. a6 Bd5 37. a7 Nd2 38. Be2 c4 39. Ba5 Ne4 40. Bxc4 Ba8 41.
Be2 f5 42. Bd3 1-0

[Event "Titled Tue 1st Jul Early"]
[Site "chess.com INT"]
[Date "2025.07.01"]
[Round "6"]
[White "Gogolev, Artem"]
[Black "Goncharov, Vladimir"]
[Result "1-0"]
[WhiteTitle "IM"]
[WhiteElo "2240"]
[BlackElo "2077"]
[WhiteFideId "4116615"]
[BlackFideId "34162256"]
[EventDate "2025.07.01"]

1. d4 Nf6 2. c4 e6 3. g3 d5 4. Bg2 Be7 5. Nf3 O-O 6. O-O c6 7. Qc2 b6 8. Nbd2
Bb7 9. e4 dxe4 10. Nxe4 Nbd7 11. Rd1 Nxe4 12. Qxe4 Nf6 13. Qc2 Qc8 14. c5 bxc5
15. dxc5 Nd5 16. Bd2 Bf6 17. Ba5 e5 18. Re1 Re8 19. Nd2 Qe6 20. Nc4 Ba6 21. Nd6
Reb8 22. Rad1 Be7 23. Nf5 Bf8 24. a3 Rb5 25. Nd4 Rxc5 26. Qxc5 Bxc5 27. Nxe6
fxe6 28. Rxe5 Kf7 29. Rde1 Re8 30. Bh3 Bc8 31. Rc1 Bd4 32. Re2 c5 33. b4 Nc3 34.
Rec2 Ne4 35. bxc5 Ba6 36. Bg2 Nf6 37. c6 e5 38. c7 Bc8 39. Bc6 Re6 40. Bb5 Kg6
41. Bc3 Rd6 42. Bd3+ Kf7 43. Bc4+ Kg6 44. Rb1 1-0

[Event "Titled Tue 1st Jul Early"]
[Site "chess.com INT"]
[Date "2025.07.01"]
[Round "6"]
[White "Villa Tornero, Alex"]
[Black "Deac, Bogdan-Daniel"]
[Result "0-1"]
[WhiteTitle "FM"]
[BlackTitle "GM"]
[WhiteElo "2282"]
[BlackElo "2674"]
[WhiteFideId "54501091"]
[BlackFideId "1226380"]
[EventDate "2025.07.01"]

1. e4 c5 2. c3 Qa5 3. Nf3 e6 4. Be2 Nf6 5. d3 d5 6. exd5 Nxd5 7. O-O Nc6 8. Na3
Be7 9. Nc4 Qc7 10. a4 O-O 11. Bg5 Rd8 12. Bxe7 Ncxe7 13. Qd2 b6 14. Ng5 h6 15.
Ne4 Nf4 16. Rad1 Bb7 17. Ncd6 Nxe2+ 18. Qxe2 Rxd6 19. Nxd6 Qxd6 20. d4 Qc6 21.
f3 Qxa4 22. dxc5 bxc5 23. Qe5 Nd5 24. Qd6 Qc6 25. Qe5 c4 26. Rd4 Qb6 27. Qe2 Nf4
28. Qd2 e5 29. Kh1 exd4 30. Qxf4 d3 31. Re1 Qxb2 32. h4 d2 33. Rd1 Rd8 34. Qc7
Qb6 35. Qf4 Qf2 36. Qc7 Qb6 37. Qf4 a5 38. Rxd2 Rxd2 39. Qxd2 Qc7 40. Qe3 Qd7
41. Qa7 a4 42. h5 Bc6 43. Qb8+ Qe8 44. Qb4 Bd5 45. Qc5 Be6 46. Qd6 Qa8 47. Qa3
Qa5 48. g4 Qb5 49. Kh2 Qd5 50. Kg3 Qe5+ 51. Kh3 Qb5 52. Kg3 Kh7 53. f4 Qd5 54.
Qxa4 Qd3+ 55. Kh4 Qxc3 56. Qd1 Qe3 57. Qc2+ Qd3 58. Qf2 c3 59. f5 c2 60. fxe6
c1=Q 61. Qg2 Qg5# 0-1

[Event "Titled Tue 1st Jul Early"]
[Site "chess.com INT"]
[Date "2025.07.01"]
[Round "6"]
[White "Goswami, Vedant"]
[Black "Ternault, Mathieu"]
[Result "0-1"]
[WhiteTitle "FM"]
[BlackTitle "FM"]
[WhiteElo "2057"]
[BlackElo "2276"]
[WhiteFideId "5003725"]
[BlackFideId "20641532"]
[EventDate "2025.07.01"]

1. Nf3 c5 2. c3 Nf6 3. d4 cxd4 4. cxd4 d5 5. Nc3 Nc6 6. Bf4 a6 7. e3 g6 8. h3
Bg7 9. Be2 O-O 10. O-O Bf5 11. Rc1 Rc8 12. Na4 Ne4 13. Re1 f6 14. Bh2 g5 15. Nd2
Qa5 16. Nxe4 Bxe4 17. a3 Bg6 18. Nc5 Kh8 19. Qb3 b5 20. Qxd5 Qd2 21. Bf3 Qxb2
22. Ne6 Nb4 23. Rxc8 Nxd5 24. Rxf8+ Bxf8 25. Bxd5 Bf7 26. e4 Bxe6 27. Bxe6 Qxa3
28. Bg3 Qc3 29. Rd1 b4 30. e5 b3 31. exf6 exf6 32. d5 Qc2 33. Rf1 b2 34. d6 b1=Q
35. d7 Qxf1+ 36. Kxf1 Qd1# 0-1

[Event "Titled Tue 1st Jul Early"]
[Site "chess.com INT"]
[Date "2025.07.01"]
[Round "6"]
[White "Esipenko, Andrey"]
[Black "Rustamov, Rustam"]
[Result "1-0"]
[WhiteTitle "GM"]
[BlackTitle "FM"]
[WhiteElo "2679"]
[BlackElo "2323"]
[WhiteFideId "24175439"]
[BlackFideId "13440110"]
[EventDate "2025.07.01"]

1. d4 Nf6 2. Nf3 e6 3. g3 d5 4. Bg2 Be7 5. O-O O-O 6. Bf4 c5 7. dxc5 Nc6 8. c4
Bxc5 9. Nc3 dxc4 10. Qa4 Qe7 11. Bg5 h6 12. Bh4 Bb4 13. Ne4 a6 14. a3 b5 15. Qc2
Bc5 16. b3 Bb7 17. bxc4 Rac8 18. Bxf6 gxf6 19. Qb2 e5 20. cxb5 Nd4 21. Nh4 f5
22. Nf6+ Qxf6 23. Bxb7 Rb8 24. bxa6 Ba7 25. e3 Ne6 26. Rad1 f4 27. exf4 Bd4 28.
Qc2 exf4 29. Nf5 Ba7 30. Kh1 Nc5 31. Nd6 Rbd8 32. Nf5 Nxa6 33. Bxa6 Qxa6 34. Qc3
Qg6 35. Ne7+ 1-0

[Event "Titled Tue 1st Jul Early"]
[Site "chess.com INT"]
[Date "2025.07.01"]
[Round "6"]
[White "Lee, Qing Aun"]
[Black "Sarveshwaran V"]
[Result "1-0"]
[WhiteTitle "FM"]
[BlackTitle "CM"]
[WhiteElo "2280"]
[BlackElo "2290"]
[WhiteFideId "5804167"]
[BlackFideId "25699016"]
[EventDate "2025.07.01"]

1. d4 Nf6 2. Nc3 d5 3. Bf4 c6 4. e3 g6 5. h4 h5 6. Nf3 Bg7 7. Ne5 O-O 8. Be2
Nfd7 9. Nd3 Re8 10. g4 hxg4 11. Bxg4 e5 12. dxe5 Nxe5 13. Nxe5 Bxe5 14. Bxe5
Rxe5 15. Bxc8 Qxc8 16. Qd4 Rh5 17. O-O-O Na6 18. Rhg1 Qd8 19. Ne4 Kf8 20. Ng5
Qe7 21. Rg4 Nc5 22. Rf4 f5 23. Qxc5 Qxc5 24. Ne6+ Ke7 25. Nxc5 Rah8 26. Rg1 b6
27. Nd3 Kf6 28. Ra4 a5 29. Nf4 R5h6 30. c4 Ke5 31. Nxg6+ Rxg6 32. Rxg6 Rxh4 33.
Rxc6 b5 34. Rxa5 bxc4 35. Rcc5 Ke4 36. Rxd5 Rh2 37. Rxf5 Kd3 38. Rad5+ Ke2 39.
Rd2+ Ke1 40. Rg5 Kf1 41. f4 Rh8 42. Rgg2 1-0

[Event "Titled Tue 1st Jul Early"]
[Site "chess.com INT"]
[Date "2025.07.01"]
[Round "6"]
[White "Vasilenok, Anton"]
[Black "Javakhadze, Zurab"]
[Result "0-1"]
[WhiteTitle "CM"]
[BlackTitle "IM"]
[WhiteElo "2137"]
[BlackElo "2418"]
[WhiteFideId "34133124"]
[BlackFideId "13603647"]
[EventDate "2025.07.01"]

1. e4 c5 2. Nc3 Nc6 3. g3 g6 4. Bg2 Bg7 5. Nge2 d6 6. d3 e5 7. f4 Nge7 8. O-O
O-O 9. h3 f5 10. Be3 Nd4 11. Nd5 Nxd5 12. exd5 Nxe2+ 13. Qxe2 exf4 14. Bxf4 Bxb2
15. Rab1 Bd4+ 16. Kh2 Re8 17. Qf3 b6 18. Rfe1 Bb7 19. Rxe8+ Qxe8 20. Bxd6 Rd8
21. Qf4 Be3 22. Qe5 Qxe5 23. Bxe5 Bxd5 24. Re1 Bh6 25. Bf6 Rd7 26. Re7 Rxe7 27.
Bxd5+ Rf7 28. Be5 f4 29. Bb8 fxg3+ 30. Kxg3 Bg7 31. Bxa7 Be5+ 32. Kg2 Bc7 33. c3
Kg7 34. Bxf7 Kxf7 35. a4 Ke6 36. a5 bxa5 37. Bxc5 a4 38. Ba3 Bd6 39. Bb2 a3 40.
Ba1 Be5 41. Kf3 Kf5 42. d4 Bf4 43. d5 Bc1 0-1

[Event "Titled Tue 1st Jul Early"]
[Site "chess.com INT"]
[Date "2025.07.01"]
[Round "6"]
[White "Jaskolka, Tomasz"]
[Black "Logachiov, Aleksandr"]
[Result "0-1"]
[WhiteTitle "CM"]
[BlackTitle "CM"]
[WhiteElo "2194"]
[BlackElo "2129"]
[WhiteFideId "1170791"]
[BlackFideId "24123706"]
[EventDate "2025.07.01"]

1. d4 Nf6 2. Bg5 Ne4 3. Bf4 d5 4. e3 e6 5. c3 Bd6 6. Nf3 O-O 7. Nbd2 f5 8. Bxd6
Qxd6 9. Nxe4 fxe4 10. Nd2 e5 11. Be2 Qg6 12. Qb3 c6 13. g3 exd4 14. cxd4 Bh3 15.
f4 exf3 16. Bxf3 Nd7 17. O-O-O a5 18. Rhe1 a4 19. Qc2 Bf5 20. e4 dxe4 21. Bxe4
a3 22. b3 Nb6 23. Qc5 Bxe4 24. Rxe4 Nd5 25. Rde1 h6 26. Qc4 Rf2 27. R1e2 Raf8
28. Rxf2 Rxf2 29. Re2 Qf6 30. Rxf2 Qxf2 31. Qd3 Qe1+ 32. Kc2 Nb4+ 33. Kc3 Nxd3
34. Kxd3 Qa1 35. d5 cxd5 36. b4 Qxa2 37. Nf3 Qb2 38. Ne5 Qxe5 39. b5 a2 40. b6
a1=Q 41. Kc2 Qa2+ 42. Kd3 Qe4+ 43. Kc3 Qec4# 0-1

[Event "Titled Tue 1st Jul Early"]
[Site "chess.com INT"]
[Date "2025.07.01"]
[Round "6"]
[White "Lazaro Azcutia, Miguel"]
[Black "Zhou, Yuxu"]
[Result "0-1"]
[WhiteTitle "CM"]
[BlackTitle "CM"]
[WhiteElo "2275"]
[BlackElo "2197"]
[WhiteFideId "54538254"]
[BlackFideId "8626421"]
[EventDate "2025.07.01"]

1. e4 e6 2. d4 d5 3. Nd2 c5 4. exd5 Qxd5 5. Ngf3 cxd4 6. Bc4 Qd7 7. Qe2 Nc6 8.
Nb3 Nf6 9. Bg5 Bb4+ 10. c3 dxc3 11. O-O cxb2 12. Qxb2 Qe7 13. Nbd4 Nxd4 14. Nxd4
O-O 15. a3 Bd6 16. Rfe1 Bxh2+ 17. Kh1 Bb8 18. Nf5 Qc7 19. Ng3 Qxc4 20. Bxf6 gxf6
21. Re4 Be5 22. Qxe5 fxe5 23. Rxc4 Bd7 24. Nh5 Bc6 25. Rg4+ Kh8 26. Nf6 Rad8 27.
Re1 e4 28. Re3 Rd3 29. Kh2 Rxe3 30. fxe3 b5 31. Rg5 a5 32. Rc5 Kg7 33. Nh5+ Kh6
34. Nf6 Kg6 35. Ng4 Be8 36. Rc8 f5 37. Ne5+ Kg7 38. Rb8 b4 39. axb4 axb4 40.
Rxb4 Kf6 41. Nc4 Bg6 42. Rb6 Re8 43. Na5 Kg5 44. Nc6 e5 45. Rb5 Kf6 46. Rb6 Re6
47. Kg3 Be8 48. Nb4 Rxb6 49. Nd5+ Ke6 50. Nxb6 Bb5 51. Kh4 f4 52. exf4 exf4 53.
Kg4 e3 54. Kf3 Bc6+ 55. Ke2 Bxg2 56. Nc4 Kf5 57. Nd6+ Kg4 58. Nc4 Bb7 59. Ne5+
Kg3 60. Nd3 Ba6 0-1

[Event "Titled Tue 1st Jul Early"]
[Site "chess.com INT"]
[Date "2025.07.01"]
[Round "6"]
[White "Slovineanu, Viacheslav"]
[Black "Andriienko, Artom"]
[Result "1-0"]
[WhiteTitle "IM"]
[WhiteElo "2412"]
[BlackElo "2151"]
[WhiteFideId "13900510"]
[BlackFideId "34129510"]
[EventDate "2025.07.01"]

1. d4 Nf6 2. Nf3 e6 3. c4 Bb4+ 4. Nbd2 b6 5. e3 Bb7 6. Bd3 Ne4 7. O-O Bxd2 8.
Nxd2 Nxd2 9. Bxd2 d6 10. b4 Nd7 11. a4 c5 12. Rb1 O-O 13. a5 Rc8 14. dxc5 dxc5
15. b5 Qg5 16. e4 Qg6 17. Qe2 Ne5 18. Bc2 Rfd8 19. Bc3 Nd3 20. Bxd3 Rxd3 21. Be5
Bxe4 22. f3 Rxf3 23. Rxf3 Bxb1 24. Rg3 Qe4 25. Rxg7+ Kf8 26. Qxe4 Bxe4 27. axb6
axb6 28. Rg4 Bf5 29. Rg3 Ke7 30. Ra3 Rd8 31. Ra7+ Rd7 32. Bf6+ Kxf6 33. Rxd7 Ke5
34. Rb7 Bd3 35. Rxb6 Bxc4 36. Rb7 Bd5 37. Rxf7 c4 38. b6 c3 39. b7 Bxb7 40. Rxb7
Kd4 41. Kf2 Kd3 42. Rd7+ 1-0

[Event "Titled Tue 1st Jul Early"]
[Site "chess.com INT"]
[Date "2025.07.01"]
[Round "6"]
[White "Mishra, Manoj"]
[Black "Gavarrete, Nahun"]
[Result "0-1"]
[WhiteTitle "CM"]
[BlackTitle "FM"]
[WhiteElo "1941"]
[BlackElo "2281"]
[WhiteFideId "5006007"]
[BlackFideId "8400709"]
[EventDate "2025.07.01"]

1. d4 d5 2. c4 e6 3. Nf3 Nf6 4. g3 b6 5. Bg2 Bb7 6. O-O Be7 7. Nc3 Nbd7 8. cxd5
exd5 9. Ne5 O-O 10. Bg5 h6 11. Bxf6 Nxf6 12. e3 Bd6 13. Ng4 c6 14. a4 Qe7 15.
Nxf6+ Qxf6 16. a5 Rfd8 17. Qb3 b5 18. Na2 a6 19. Nb4 Bxb4 20. Qxb4 Qd6 21. Qxd6
Rxd6 22. b4 Re8 23. Bh3 Bc8 24. Bxc8 Rxc8 25. Rac1 Kf8 26. Kg2 Ke7 27. Rc5 Kd7
28. f3 Re8 29. Kf2 Rde6 30. Rc3 g5 31. Rfc1 f5 32. h4 g4 33. h5 Rf8 34. Rh1 Ref6
35. Rh4 Rg8 36. Ke2 Rg5 37. Rc1 Kd6 38. Rf1 Ke6 39. fxg4 Rxg4 40. Kf3 Rf7 41.
Rfh1 Rfg7 42. R1h3 R7g5 43. Kf2 Rxh4 44. Rxh4 Rg4 45. Rh3 Kf6 46. Kf3 Kg5 47.
Rh1 Re4 48. Rc1 Re6 49. Rg1 Kxh5 50. g4+ fxg4+ 51. Rxg4 Rxe3+ 52. Kxe3 Kxg4 0-1

[Event "Titled Tue 1st Jul Early"]
[Site "chess.com INT"]
[Date "2025.07.01"]
[Round "6"]
[White "Luong Phuong Hanh"]
[Black "Sitbon, Itay"]
[Result "1-0"]
[WhiteTitle "WIM"]
[WhiteElo "2121"]
[BlackElo "2206"]
[WhiteFideId "12401013"]
[BlackFideId "2820706"]
[EventDate "2025.07.01"]

1. d4 e6 2. Nf3 Nf6 3. e3 d5 4. Bd3 Nbd7 5. b3 c5 6. Bb2 cxd4 7. exd4 Bb4+ 8.
Nbd2 O-O 9. O-O b6 10. Ne5 Nxe5 11. dxe5 Nd7 12. Nf3 Bb7 13. h4 Be7 14. c3 Bxh4
15. c4 Nc5 16. Bc2 dxc4 17. Qxd8 Bxd8 18. bxc4 Be7 19. Rfd1 Rfd8 20. Nd4 Be4 21.
Bxe4 Nxe4 22. Nc6 Rxd1+ 23. Rxd1 Bc5 24. Bd4 Bf8 25. Be3 Rc8 26. Nxa7 Rxc4 27.
Rd8 h5 28. Nc8 g5 29. Nxb6 Rc2 30. Nd7 Rxa2 31. f3 Ng3 32. Rxf8+ Kg7 33. Bxg5
Ne2+ 34. Kh2 Nd4 35. Bf6+ Kg6 36. Kh3 Ra1 37. Kg3 Nf5+ 38. Kh2 Ne3 39. Rg8+ Kf5
40. Rh8 Ra2 41. Rxh5+ Kg6 42. Rg5+ Kh6 43. Kh3 Ra1 44. Rg8 Rh1+ 45. Kg3 Nf5+ 46.
Kf2 Ra1 47. Nf8 Ra2+ 48. Kg1 Kh5 49. Rh8+ Nh6 50. Bg7 Kg5 51. Bxh6+ Kf5 52. Bg7
Ra1+ 53. Kh2 Ra2 54. Kg3 f6 55. Rh5# 1-0

[Event "Titled Tue 1st Jul Early"]
[Site "chess.com INT"]
[Date "2025.07.01"]
[Round "6"]
[White "Fernandes, Rogerio Paulo Muller"]
[Black "Hrebenshchykova, Yelyzaveta"]
[Result "1-0"]
[BlackTitle "WIM"]
[WhiteElo "2241"]
[BlackElo "2265"]
[WhiteFideId "2101599"]
[BlackFideId "14159899"]
[EventDate "2025.07.01"]

1. c4 Nf6 2. g3 g6 3. Bg2 Bg7 4. Nf3 O-O 5. O-O d6 6. Nc3 e5 7. d3 Re8 8. Rb1 c6
9. b4 d5 10. Bg5 Qd6 11. Qc1 Nbd7 12. a4 d4 13. Na2 a5 14. b5 Nc5 15. Qa3 h6 16.
Bc1 Be6 17. Nd2 Nfd7 18. Nb3 Bf8 19. Nxc5 Nxc5 20. Bb2 Bd7 21. Nc1 Qf6 22. Qa2
h5 23. Nb3 h4 24. Nxc5 Bxc5 25. Ba3 Qe7 26. Bxc5 Qxc5 27. Qb3 Kg7 28. bxc6 Bxc6
29. Qb6 Qe7 30. Bxc6 bxc6 31. Qxc6 Rh8 32. Rb7 Qg5 33. Qf3 Raf8 34. Rfb1 hxg3
35. fxg3 Qh6 36. Qf2 Qd2 37. Ra7 Rh5 38. g4 Rg5 39. h3 Kg8 40. Rbb7 e4 41. Rxf7 1-0